Films avec Jean-Paul Belmondo par image - Statistiques

Statistiques générales
  • Ce quiz a été pris 411 fois
  • Le résultat moyen est 10 sur 16
Statistiques - réponses
Par images Réponse % Correct
Le Professionnel
88%
L'As des as
84%
Borsalino
75%
Le Cerveau
75%
Le Magnifique
72%
Itinéraire d'un enfant gâté
64%
Le Marginal
62%
Peur sur la ville
62%
Un singe en hiver
62%
Le Guignolo
61%
Cartouche
57%
À bout de souffle
55%
Flic ou Voyou
55%
Joyeuses Pâques
55%
Pierrot le Fou
53%
L'Homme de Rio
50%
Aucun quiz correspondant
Distribution des résultats
% des personnes avec chaque résultat
Percentile par nombre de réponses
Votre historique - résultats
Vous n’avez pas pris ce quiz